| 000 | 01261ngm a22003010a 4500 | ||
|---|---|---|---|
| 001 | PT39905 | ||
| 003 | AR-LpoUNG | ||
| 005 | 20210201235847.0 | ||
| 007 | vd cvaizq | ||
| 008 | 191001s[200||||ag |||||||||||||||||spa d | ||
| 037 | _c$5 | ||
| 040 |
_aAR-LpoUNG _bspa _cAR-LpoUNG _eaacr |
||
| 041 | _aspa | ||
| 044 | _aag | ||
| 082 | 0 | _a980.039 114che | |
| 100 | 1 |
_aCabeza, Edgardo _edir. |
|
| 245 | 1 | 0 |
_aChe : _bla eterna mirada |
| 260 |
_aBuenos Aires : _bPágina 12, _c[2005]. |
||
| 300 | _aDVD : son., byn, col. | ||
| 505 | 0 | _aHecha en 2005. - Subtitulos: castellano | |
| 520 | _aTomando como punto de partida la expedición que un grupo de forenses y geofísicos argentinos y cubanos hiciera a Vallegrande en 1997, este documental evoca la figura del Ernesto Guevara político y soldado. Las condiciones de su lucha guerrillera, su paso por Bolivia, su polémica muerte y su desconocido paradero -el objetivo inicial de la expedición- son los temas del documental, que incluye entrevistas a figuras de la época y abundante material fotográfico de archivo. La narración es del actor Patricio Contreras. | ||
| 650 | 4 | _aBIOGRAFIAS | |
| 653 | _aCINE ARGENTINO | ||
| 653 | _aDOCUMENTALES | ||
| 653 | _aVIDEOS | ||
| 905 | _a39905 | ||
| 942 | _cDVD | ||
| 999 |
_c53628 _d53628 |
||